Manatee in Haiti (Registro nro. 9671)

Detalles MARC
000 -CABECERA
Campo de control 005150000a22001810004500
090 ## - CLASIFICACIÓN LOCAL
Colección AR
Consecutivo 00579
041 0# - IDIOMA
Código de idioma para texto/pista de sonido o título separado
100 1# - ASIENTO PRINCIPAL--NOMBRE PERSONAL
Nombre personal Rathbun, Galen B.
245 10 - MENCION DE TITULO
Título Manatee in Haiti
650 14 - ASIENTO SECUNDARIO DE MATERIA - TERMINO TEMATICO
Término temático o nombre geográfico como elemento de entrada Mamíferos acuáticos
650 14 - ASIENTO SECUNDARIO DE MATERIA - TERMINO TEMATICO
Término temático o nombre geográfico como elemento de entrada Especies en extinción
651 #4 - ASIENTO SECUNDARIO DE MATERIA - NOMBRE GEOGRAFICO
-- Haiti
653 ## - TERMINO DE INDIZACION - NO CONTROLADO
-- Trichechus
-- Trichechus manatus
-- manatí
700 1# - ASIENTO SECUNDARIO - NOMBRE PERSONAL
Nombre personal Ottenwalder, Jose Alberto
700 1# - ASIENTO SECUNDARIO - NOMBRE PERSONAL
Nombre personal Woods, Charles A.
773 1# - Item fuente:
Título ORYX
Especificación de materiales 202
Descripción física 4
Paginas del Articulo 234-236
Lugar, editorial y fecha de publicación 1985
Información sobre la relación 19
942 ## - ELEMENTOS ADICIONALES (KOHA)
Tipo de ítem Artículo
Existencias
Withdrawn status Lost status Damaged status No para préstamo Colección Ubicación Permanente Ubicación actual Fecha de adquisición Fuente de Valor Datos de publicación Seriada Total Checkouts Número topográfico Inventario / Código de Barras Date last seen Ejemplar Price effective from Forma de adquisición Tipo de material
      No para Préstamo Hemeroteca Bogotá Bogotá 27/02/2015 Muñoz Saba, Yaneth Fuera de circulación   AR 00579 010891 25/03/2015 1 25/03/2015   Artículo